Welcome to CU Library Online Public Access Catalogue (OPAC)

Thinking Mathematically/ (Record no. 1171)

MARC details
000 -LEADER
fixed length control field 00535nam a22001577a 4500
005 - DATE AND TIME OF LATEST TRANSACTION
control field 20241114102350.0
008 - FIXED-LENGTH DATA ELEMENTS--GENERAL INFORMATION
fixed length control field 241114b |||||||| |||| 00| 0 eng d
020 ## - INTERNATIONAL STANDARD BOOK NUMBER
International Standard Book Number 9780536394200
050 ## - LIBRARY OF CONGRESS CALL NUMBER
Classification number QA107 BLI
100 ## - MAIN ENTRY--PERSONAL NAME
Personal name Blitzer, Robert
245 ## - TITLE STATEMENT
Title Thinking Mathematically/
Remainder of title Central Texas College Edition; taking from Fourth Edition Thinking Mathematically
Statement of responsibility, etc. Robert Blitzer
260 ## - PUBLICATION, DISTRIBUTION, ETC.
Place of publication, distribution, etc. Upper Saddle River, New Jersey
Name of publisher, distributor, etc. Pearson Prentice Hall
Date of publication, distribution, etc. 2008
300 ## - PHYSICAL DESCRIPTION
Extent xvi.870p.various pagings
650 ## - SUBJECT ADDED ENTRY--TOPICAL TERM
Source of heading or term Mathematics
942 ## - ADDED ENTRY ELEMENTS (KOHA)
Source of classification or shelving scheme Library of Congress Classification
Koha item type Books
Suppress in OPAC No
999 ## -
-- 1171
-- 1171
Holdings
Withdrawn status Lost status Source of classification or shelving scheme Damaged status Not for loan Collection Home library Current library Shelving location Date acquired Total checkouts Full call number Barcode Date last seen Copy number Price effective from Koha item type
    Library of Congress Classification     Non-fiction Science Library (Miotso) Science Library (Miotso) General stacks 11/14/2024   QA107 BLI SLM00000569 11/14/2024 1 11/14/2024 Books
    Library of Congress Classification     Non-fiction Science Library (Miotso) Science Library (Miotso) General stacks 11/14/2024   QA107 BLI SLM00000570 11/14/2024 2 11/14/2024 Books
    Library of Congress Classification     Non-fiction Science Library (Miotso) Science Library (Miotso) General stacks 11/14/2024   QA107 BLI SLM00000571 11/14/2024 3 11/14/2024 Books
© 2023-2024 Copyright: Central University Libraries. All Rights Reserved | Created by: Mahone Tech Office